000 01260nam0a22003011 4500
001 rc\3031438
005 20250806201648.0
035 _a(NLR Aleph) 007172360
090 _a45563
_c45563
100 _a20111001d1945 u y0rusy50 ca
101 0 _arus
102 _aRU
105 _ay z |||||
200 1 _aКруг чтения для молодежи по истории нашей Родины
_fРост. обл. ком-т ВЛКСМ. Рост. гос. науч. б-ка им. Карла Маркса
210 _aРостов н/Д
_cБ. и.
_d1945
_gтип. газ. "Молот"
215 _a37 с.
_d14 см
300 _aБез обл.
300 _aСоставитель указан в вып. данных: Д.Н. [?] Руманова
700 1 _aРуманова
_bД.И.
_gДина Израилевна
712 0 2 _aВЛКСМ
_bРостовский областной комитет
_4570
712 0 2 _aРостовская научная библиотека им. К. Маркса
_3RU\NLR\AUTH\889968488
_4570
801 0 _aRU
_bNLR
_gpsbo
801 1 _aRU
_bELAR
_2rusmarc
852 _aNLR
_bС
_j401-660/К-84
942 _cBOOK
945 _aРоссийская национальная библиотека
980 _aNB
980 _aBV